| 000 | 00767nam a2200241 a 4500 | ||
|---|---|---|---|
| 001 | 14120 | ||
| 003 | BD-JhCC | ||
| 005 | 20251019102142.0 | ||
| 008 | 241212b2024 b |||| ||a| 000 0 b d | ||
| 020 | _a9789849443321 | ||
| 035 | _a(BD-JhCC)14120 | ||
| 040 |
_aBD-JhCC _dBD-JhCC |
||
| 041 | _abengali | ||
| 082 |
_a158 _bLOW 2024 |
||
| 100 | _a লোনডেস,লেইল | ||
| 245 |
_aহাউ টু টক টু এনি ওয়ান / _cলেইল লোনডেস, অনু:সাইদুর রহমান । |
||
| 260 |
_aঢাকা: _bঅনুভুতি; _c2024. |
||
| 300 |
_a240 p. : _c21 cm. |
||
| 650 | _aSelf-development and meditation. | ||
| 700 | _aরহমান,সাইদুর | ||
| 942 |
_2ddc _cBK |
||
| 999 |
_c14120 _d14120 |
||